00747nam a2200193 i 450000100060000000300090000600700030001500800410001810000320005924500780009126000790016930000320024849000340028070000280031483000420034285200310038499900170041595201210043239669ES-MaACLt|030303s1944 ag ||||1| spa d1 aCanby, Henry Seidel.93442810aThorean / cHerni Seidel Canby ; [versión castellana de Pablo Simón]. aBuenos Aires : bPoseidón, c[1944] (fSebastián de Amorrortu e Hijos) a450 p., 1 lám. ; c23 cm.1 aBiografías de ayer y de hoy1 aSimón, Pablo.91065300 aBiografías de ayer y de hoy9181707 aES-MaACLjE-1810 bR.22780 c39669d39669 00104070aATENEOMbATENEOMcDEPO2d2008-01-17eSCl0oE-1810p1041778r2023-02-23 00:00:00w2023-02-23yMONOGRAFIA